Matchups Banned by FIFA or UEFA - Statistics

General Stats
  • This quiz has been taken 118 times
  • The average score is 6 of 9
Answer Stats
Can't Play: Team % Correct
Serbia nor Ukraine Russia
91%
Russia Ukraine
90%
Kosovo Serbia
69%
Serbia, Russia, nor Bosnia and Herzegovina Kosovo
68%
Kosovo Bosnia and Herzegovina
57%
Azerbaijan Armenia
47%
Gibraltar Spain
47%
Armenia Azerbaijan
44%
Spain Gibraltar
43%
No matching quizzes found
Score Distribution
Percent of People with Each Score
Percentile by Number Answered
Your Score History
You have not taken this quiz